LEADER 00672nam0-2200265 --450 001 9910979484903321 005 20250221111302.0 010 $a978-88-400-1805-8 100 $a20250221d2015----kmuy0itay5050 ba 101 0 $aita 102 $aIT 105 $a 001yy 200 1 $aAdelphoe$fSossio Giametta 210 $aMilano$cUnicopli$d2015 215 $a218 p.$d20 cm 225 1 $aMetropolis 676 $a350$v23$zita 700 1$aGiametta,$bSossio$0159876 801 0$aIT$bUNINA$gREICAT$2UNIMARC 901 $aBK 912 $a9910979484903321 952 $aDAM A05 GIAS 01$b2024/2462$fFLFBC 959 $aFLFBC 996 $aAdelphoe$94322087 997 $aUNINA